| 000 | 00634nam a2200193Ia 4500 | ||
|---|---|---|---|
| 003 | GCL | ||
| 008 | 140319s9999 xx 000 0 ara d | ||
| 040 |
_aGCL / _cGCL |
||
| 082 | 0 | 4 |
_a091.1 _bج ف |
| 245 | 1 | 0 | _aفهرست المخطوطات والمصورات: المصاحف والتجويد والقراءات |
| 260 |
_aالرياض : _bجامعة الامام محمد بن سعود ، _c1980 |
||
| 300 |
_a182 ص ؛ _c28 سم |
||
| 650 | 0 | 4 | _aالاسلام |
| 650 | 0 | 4 | _aالقراءات والتجويد |
| 650 | 0 | 4 | _aالمصاحف |
| 650 | 0 | 4 | _aالببليوجرافيات |
| 650 | 0 | 4 | _aالقران |
| 942 |
_2ddc _cBK |
||
| 999 |
_c36135 _d36135 |
||